| 000 | 00475cam a22001577a 4500 | ||
|---|---|---|---|
| 008 | 180718b1999 xxu||||| |||| 00| 0 eng d | ||
| 020 | _a812200539X | ||
| 082 | _aQ100x54 G951 | ||
| 100 | _aGulhati, Ravi | ||
| 245 |
_aAnatomy of voluntarism: the case of Madhya Pradesh _cby Ravi Gulhati...[et.al.] |
||
| 260 |
_aNew Delhi _bKonark _c1999 |
||
| 300 | _a212p. | ||
| 650 | _aSocial change- India | ||
| 650 | _aVoluntarism- India | ||
| 650 | _aNon-voluntary organisations- India | ||
| 999 |
_c492498 _d492498 |
||